000
00328nam a22001337a 4500
008
250411b |||||||| |||| 00| 0 eng d
020
_a
97800755853
050
_a
JF130
_b
.L59
100
_a
Laximikanth M.
245
_a
Public Administration
260
_a
India
_b
McGraw-Hill Education
_c
2011
300
_a
xvi, 982p.
942
_c
BK
999
_c
2933
_d
2933